Vista normal Vista MARC

Entrada Corporate Name

Número de registros utilizados en: 1

001 - CONTROL NUMBER

  • control field: 40745

003 - CONTROL NUMBER IDENTIFIER

  • control field: OSt

005 - DATE AND TIME OF LATEST TRANSACTION

  • control field: 20210923115404.0

008 - FIXED-LENGTH DATA ELEMENTS

  • fixed length control field: 210923|| aca||aabn | a|a d

040 ## - CATALOGING SOURCE

  • Original cataloging agency: OSt
  • Transcribing agency: OSt

110 ## - HEADING--CORPORATE NAME

  • Corporate name or jurisdiction name as entry element: Instituto de Fomento Industrial Ministerio de Desarrollo Económico

670 ## - SOURCE DATA FOUND

  • Source citation: Work cat.: (OSt)12510: 28433, Industria colombiana: , 1987.